Outline normal lessons for normal classes, assemblies, bible students, and Sunday-school teachers. (Record no. 3813)

000 -LEADER
fixed length control field 00630nam a2200181 a 4500
001 - CONTROL NUMBER
control field :::00001548$&:&@@
003 - CONTROL NUMBER IDENTIFIER
control field OkBaRHE
005 - DATE AND TIME OF LATEST TRANSACTION
control field 20000607103244.0
008 - FIXED-LENGTH DATA ELEMENTS--GENERAL INFORMATION
fixed length control field s1885 j 000 0 eng u
040 ## - CATALOGING SOURCE
Transcribing agency
100 1# - MAIN ENTRY--PERSONAL NAME
Personal name Hurlbut, J. L. (Jesse Lyman), 1843-1930.
245 10 - TITLE STATEMENT
Title Outline normal lessons for normal classes, assemblies, bible students, and Sunday-school teachers.
260 ## - PUBLICATION, DISTRIBUTION, ETC. (IMPRINT)
Place of publication, distribution, etc New York, NY., :
Name of publisher, distributor, etc Phillips & Hunt
Date of publication, distribution, etc c1885
300 ## - PHYSICAL DESCRIPTION
Extent 95 p. : illus. ;
Dimensions 20 cm.
650 ## - SUBJECT ADDED ENTRY--TOPICAL TERM
Topical term or geographic name as entry element Bible
General subdivision Study
942 ## - ADDED ENTRY ELEMENTS (KOHA)
Source of classification or shelving scheme
Koha item type Books
Copies
Copy number Koha item type Lost status Damaged status Not for loan Shelving location Date acquired Price effective from Source of classification or shelving scheme Permanent Location Date last seen Withdrawn status Barcode Full call number
1Books   General Stacks2010-04-142010-04-14 RHEMA Bible Training College2010-04-14 1548BS 600 .H789